000 00506nam a22001937a 4500
003 MPLRDC
005 20220104185407.0
008 210129b ||||| |||| 00| 0 eng d
020 _a967-5-38109-6
082 _a848.3 ZXX v.43
100 _a张小娴
245 _a一段爱情, 两个人成长
_c
250 _a初版
260 _a马来西亚
_b青城文化事业有限公司
_c2010
300 _b
490 _a张小娴全新散文. 3
650 _a现代别集
942 _cBK
_o848.3 ZXX v.43
999 _c63309
_d63299